000
00279 a2200145 4500
001
160270
020
_a
040
_c
Magnum
100
_a
Cibiac, Branda
240
1
0
_a
O gamba cuica
_l
por
245
1
0
_a
O gamba cuica
362
0
_a
1899
697
_a
I/ANIMAIS
942
_c
BK
999
_c
160270
_d
160270